[Event "Chigorin Memorial 29th"]
[Site "St Petersburg"]
[Date "2022.10.24"]
[Round "3"]
[White "Scheglov, Gleb"]
[Black "Pogorelskikh, Sofia"]
[Result "1-0"]
[WhiteElo "1822"]
[BlackElo "2131"]
[PlyCount "169"]
[EventDate "2022.10.22"]
[EventType "swiss"]
[EventRounds "9"]
[EventCountry "RUS"]
[SourceTitle "EXT 2024"]
[Source "ChessBase"]
[SourceDate "2023.10.10"]
[SourceVersion "1"]
[SourceVersionDate "2023.10.10"]
[SourceQuality "1"]

1. d4 d5 2. Nf3 Nf6 3. g3 Bf5 4. Bg2 h6 5. 0-0 e6 6. c4 c6 7. Nc3 Bd6 8. Qb3 Qc8 9. Nd2 0-0 10. e4 dxe4 11. Ndxe4 Be7 12. Bf4 Rd8 13. Rad1 Na6 14. Rfe1 Rd7 15. h3 Qd8 16. a3 Qa5 17. Nxf6+ Bxf6 18. g4 Bg6 19. d5 Nc5 20. Qb4 Qxb4 21. axb4 Nd3 22. dxc6 bxc6 23. Bxc6 Rdd8 24. Bxa8 Rxa8 25. Rxd3 Bxd3 26. c5 Rc8 27. Bd6 Bc4 28. Kg2 Bd4 29. Kf3 f6 30. Kg3 g5 31. f4 gxf4+ 32. Bxf4 a5 33. bxa5 Rxc5 34. Ra1 Bxc3 35. bxc3 Ba6 36. Ra3 Kg7 37. Be3 Rd5 38. c4 Bxc4 39. Ra1 Ba6 40. h4 h5 41. g5 fxg5 42. Bxg5 e5 43. Kf3 Kf7 44. Ke4 Ke6 45. Ra4 Rc5 46. Ra3 Rc4+ 47. Ke3 Rg4 48. Kf2 Kd5 49. Ra1 Ke4 50. Rd1 Bd3 51. Rd2 Bc4 52. Rd6 Bd5 53. a6 Kd4 54. a7 Rg2+ 55. Kf1 Ra2 56. Rd7 Ke4 57. Ke1 Bc6 58. Re7 Kd5 59. Kd1 Kd6 60. Kc1 e4 61. Rh7 Bd5 62. Bf4+ Kc6 63. Be3 Kb5 64. Kb1 Ra3 65. Bc1 Ra4 66. Kc2 Rc4+ 67. Kd1 Ra4 68. Ke2 Kc4 69. Rc7+ Kb5 70. Rh7 Ra1 71. Bd2 Kc6 72. Kf2 Ra2 73. Kg3 Kd6 74. Be3 Ra1 75. Rxh5 Ke6 76. Rh6+ Kf5 77. Rd6 Ke5 78. Rd8 Ra3 79. Kg4 Bc6 80. Bf4+ Ke6 81. Rd6+ Kf7 82. Rxc6 Rxa7 83. Rc7+ Rxc7 84. Bxc7 e3 85. Kf3 1-0